| 000 | 01212cad a22002175a 4500 | ||
|---|---|---|---|
| 001 | L155025 | ||
| 008 | 120220e20120217 d f s i000 0 eng d | ||
| 035 | _a(Sirsi) u155025 | ||
| 041 | 0 | _aeng | |
| 110 | 2 |
_aEurostat _91416 |
|
| 245 | 0 | 0 |
_aConstruction output up by 0.3% in euro area _h[electronic resource] |
| 260 | _c2012 | ||
| 490 | 0 |
_aEurostat News Release _v(28/2012) 17 February 2012 |
|
| 520 | _aIn the construction sector seasonally adjusted production rose by 0.3% in the euro area and fell by 0.4% in the EU27 in December 2011, compared with the previous month. In November, production increased by 0.2% and 0.6% respectively. Compared with December 2010, output in December 2011 increased by 7.8% in the euro area and by 7.4% in the EU27. Compared with 2010, the average construction output index in 2011 decreased by 1.1% in the euro area, but increased by 0.7% in the EU27. | ||
| 590 | _aKA | ||
| 650 | 2 | 4 | _aEUROSTAT MONTHLY CONSTRUCTION INDEX |
| 651 | 4 | _aEurope | |
| 690 |
_aConstruction management _96230 |
||
| 856 | 4 | 0 |
_uhttps://epp.eurostat.ec.europa.eu/cache/ITY_PUBLIC/4-17022012-AP/EN/4-17022012-AP-EN.PDF _zView the item free of charge at http://epp.eurostat.ec.europa.eu |
| 942 | _n0 | ||
| 999 |
_c113290 _d113290 |
||